| 000 | 01360cam a22003617a 4500 | ||
|---|---|---|---|
| 003 | CHAP | ||
| 005 | 20220329141118.0 | ||
| 008 | 100910s2008 r 00010 d | ||
| 010 | _a62764 | ||
| 011 | _a63736 | ||
| 035 | _a67941 | ||
| 040 | _cCHAP | ||
| 090 | _aTesis | ||
| 100 | 1 |
_aMartínez González, Carmen. _972088 |
|
| 245 | 1 | 0 |
_aTratamiento de artritis reumatoide con medicina natural _c/por Carmen Martínez González y Dora Alicia Inurreta Fernández |
| 260 |
_aChapingo, Méx. : _bEl autor, _c2008 |
||
| 300 |
_a77 h. : _cilus. |
||
| 502 | _aTesis (Diplomado en Medicina Natural e Integrativa) -- UACH. Centro de Educación Continua | ||
| 590 |
_aALEPH _b10 _c20130110 _lUCH01 _h1346 |
||
| 590 |
_aBATCH-UPD _b10 _c20130110 _lUCH01 _h0355 |
||
| 590 |
_aBATCH-UPD _b10 _c20130110 _lUCH01 _h1922 |
||
| 590 |
_aBATCH-UPD _b10 _c20130410 _lUCH01 _h0028 |
||
| 590 |
_aBATCH-UPD _b10 _c20130914 _lUCH01 _h0233 |
||
| 590 |
_aCONVERSION _b10 _c20130109 _lUCH01 _h1334 |
||
| 650 | 1 | 4 |
_aAlimentos dietéticos. _94306 |
| 650 | 1 | 4 |
_aEnfermedades patológicas. _936939 |
| 650 | 1 | 4 |
_aMedicina alternativa. _973914 |
| 700 | 1 |
_aInurreta Fernández, Dora Alicia. _960167 |
|
| 901 | _aBK | ||
| 942 | _cFOLL | ||
| 949 |
_aTesis _bBC _cTES _d33724002073835 _eTS1 _gDonaciØn _h51066 _i67941 _sb |
||
| 949 |
_aTesis _bBC _cTES _d33724002073876 _eTS2 _fc.2 _gDonaciØn _h51067 _i67941 _sb |
||
| 999 |
_c62764 _d62764 |
||